Guía total de procesos civiles de consulta rápida para el abogado litigante : (Registro nro. 24498)

Detalles MARC
000 -Cabecera
Campo de control interno 00569nam a2200181Ia 4500
005 - Fecha y hora del registro
control field 20260414151047.0
008 - Elementos de Longitud Fija
fixed length control field 260414t2019||||xx |||||||||||||| ||spa||
041 ## - Idioma
Codigo Idioma ESP
082 ## - DEWEY y NOTACIÓN INTERNA
Dewey 345.71
Notación Interna D84 T. 2
100 ## - AUTOR
Autor denominación División de Estudios Jurídicos de Gaceta Jurídica
Término de relación autor
245 #0 - TÍTULO DE MATERIAL BIBLIOGRÁFICO
Título Guía total de procesos civiles de consulta rápida para el abogado litigante :
Título paralelo procesos cautelares, de ejecución y no contenciosos
260 ## - CIUDAD, EDITORIAL, AÑO
Año 2019
300 ## - DESCRIPCIÓN
N° Páginas 542 páginas :
Dimensiones 25 cm.
650 ## - TEMAS
Temas Derecho
654 ## - PROGRAMAS
Programa Dpto. de Derecho y Ciencia Política
942 ## - ELEMENTOS DE KOHA
Tipo de documento Libro
Nombre del creador Justo Noguera
Código de catalogador Justo Noguera
Esquema de clasificación Dewey Decimal Classification
Suppress in OPAC
Existencias
Codigo completo Registro Colección Copia número Disponibilidad Tipo de préstamo Biblioteca Actual Procedencia (Biblioteca) Ubicacón Fecha Ingreso Tipo de Adquisición Date last seen Total checkouts Price effective from Tipo de Item Estado del Material Damaged status Withdrawn status
345.71 D84 T. 2 1071203 Universidad Católica San Pablo 1 Disponible Disponible Víctor Andrés Belaunde Víctor Andrés Belaunde Primer piso 14/04/2026 Suscripción 14/04/2026   14/04/2026 Libro Bueno